Trade and development report, 2002 : overview
Saved in:
| Corporate Author: | |
|---|---|
| Format: | Book |
| Language: | Greek |
| Published: |
New York and Geneva :
United Nations,
2002
|
| Subjects: | |
| Tags: |
Add Tag
No Tags, Be the first to tag this record!
|
MARC
| LEADER | 00000cam a2200000 i 4500 | ||
|---|---|---|---|
| 001 | 1/43633 | ||
| 008 | 031027s2002 gre d | ||
| 035 | |l 10071397 | ||
| 040 | |a GR-MY-UA |b gre |e aacr | ||
| 041 | 0 | |a gre | |
| 082 | 0 | |a 382.091724005 | |
| 245 | 1 | 0 | |a Trade and development report, 2002 : |b overview / |c United Nations Conference on Trade and Development |
| 246 | 3 | 3 | |a United Nations Conference on Trade and Development |
| 260 | |a New York and Geneva : |b United Nations, |c 2002 | ||
| 300 | |a 23 σ. | ||
| 650 | 0 | 0 | |a Commerce |x Periodicals. |
| 650 | 0 | 0 | |a Economic development |x Periodicals. |
| 710 | 2 | |a United Nations. | |
| 852 | |a INST |b CHIOS |e 20031027 |h 382.091724005 UNI |p 005200013944 |q 005200013944 |t BK |y 0 | ||
| 901 | |a BIBL2-2003-3 | ||
| 909 | |a Χ |b 100062 | ||
| 970 | |a ΧΑΖΙΡΗ |b ΑΝΝΑ |z 2003/10/27 | ||